000 00622nam a2200193Ia 4500
005 20250508163251.0
008 008 250505s9999 xx 000 0 eng d
037 _aDissertations
040 _aFEDL
_beng
_cFEDL
041 _aeng
_2eng
084 _a371.1, VER/DI
_qFEDL
100 _aVerma Subhash Chandra
_9694562
245 0 _aComparative study of job satisfaction among the post graduate teachers of govt. schools and public schools of Delhi
260 _c1986
300 _a53p.
546 _aM. Ed. Dissertation (Delhi University)
942 _cDIS
_h371.1, VER/DI
999 _c1381906
_d1381906